Derecho penal / (Registro nro. 22299)
[ vista simple ]
| 000 -LEADER | |
|---|---|
| fixed length control field | 01030cam a2200289 i 4500 |
| 001 - CONTROL NUMBER | |
| control field | 22299 |
| 003 - CONTROL NUMBER IDENTIFIER | |
| control field | Mx-PuUPA |
| 005 - DATE AND TIME OF LATEST TRANSACTION | |
| control field | 20250115095135.0 |
| 008 - FIXED-LENGTH DATA ELEMENTS--GENERAL INFORMATION | |
| fixed length control field | 140415s2022 mx a fr 001 0 spa d |
| 020 ## - INTERNATIONAL STANDARD BOOK NUMBER | |
| International Standard Book Number | 9786079954277 |
| 040 ## - CATALOGING SOURCE | |
| Transcribing agency | Mx-PuUPA |
| Original cataloging agency | Mx-PuUPA |
| Modifying agency | Mx-PuUPA |
| Description conventions | rda |
| Language of cataloging | spa |
| 041 0# - LANGUAGE CODE | |
| Language code of text/sound track or separate title | spa |
| 100 1# - MAIN ENTRY--PERSONAL NAME | |
| 9 (RLIN) | 3276 |
| Personal name | Amuchategui Requena, I. Griselda, |
| Fuller form of name | (Irma Griselda) |
| Relator term | autor |
| 245 10 - TITLE STATEMENT | |
| Title | Derecho penal / |
| Statement of responsibility, etc. | I. Griselda Amuchategui Requena |
| 250 ## - EDITION STATEMENT | |
| Edition statement | Primera edición |
| 264 #1 - PRODUCTION, PUBLICATION, DISTRIBUTION, MANUFACTURE, AND COPYRIGHT NOTICE | |
| Place of production, publication, distribution, manufacture | México, Ciudad de México : |
| Name of producer, publisher, distributor, manufacturer | Editorial Dikaia, |
| Date of production, publication, distribution, manufacture, or copyright notice | 2022 |
| 300 ## - PHYSICAL DESCRIPTION | |
| Extent | xxvii, 532 páginas, 1 hoja plegada sin numerar : |
| Other physical details | tablas ; |
| Dimensions | 23 cm |
| 336 ## - CONTENT TYPE | |
| Fuente | rdacontent |
| Content type term | texto |
| Content type code | txt |
| 337 ## - MEDIA TYPE | |
| Source | rdamedia |
| Media type term | sin medio |
| Media type code | n |
| 338 ## - CARRIER TYPE | |
| Source | rdacarrier |
| Carrier type term | volumen |
| Carrier type code | nc |
| 500 ## - GENERAL NOTE | |
| General note | "Área penal y criminológica". -- Cubierta |
| 650 #7 - SUBJECT ADDED ENTRY--TOPICAL TERM | |
| Source of heading or term | armarc |
| Topical term or geographic name entry element | Derecho penal |
| 942 ## - ADDED ENTRY ELEMENTS (KOHA) | |
| Source of classification or shelving scheme | Dewey Decimal Classification |
| Koha item type | Libro |
| Classification part | 345 |
| Item part | A525 |
| Withdrawn status | Lost status | Source of classification or shelving scheme | Damaged status | Not for loan | Collection code | Home library | Current library | Shelving location | Date acquired | Total Checkouts | Full call number | Barcode | Date last seen | Price effective from | Koha item type | Source of acquisition | Cost, normal purchase price | Cost, replacement price | Copy number |
|---|---|---|---|---|---|---|---|---|---|---|---|---|---|---|---|---|---|---|---|
| Dewey Decimal Classification | General | Biblioteca Karol Wojtyla | Biblioteca Karol Wojtyla | Sala general | 15/01/2025 | 345 A525 2022 | 105796 | 05/01/2026 | 15/01/2025 | Libro | 25 | 580.00 | 580.00 | ||||||
| Dewey Decimal Classification | General | Biblioteca Karol Wojtyla | Biblioteca Karol Wojtyla | Sala general | 15/01/2025 | 345 A525 2022 | 105797 | 05/01/2026 | 15/01/2025 | Libro | 25 | 580.00 | 580.00 | Ej.2 | |||||
| Dewey Decimal Classification | General | Tehuacán | Tehuacán | Sala general | 12/04/2023 | 345 A525 2022 | 968000001443 | 08/01/2025 | 12/04/2023 | Libro |